Business Intelligence (Record no. 352000)

000 -LEADER
fixed length control field 00546nam a22001937a 4500
003 - CONTROL NUMBER IDENTIFIER
control field OSt
005 - DATE AND TIME OF LATEST TRANSACTION
control field 20180116183105.0
008 - FIXED-LENGTH DATA ELEMENTS--GENERAL INFORMATION
fixed length control field 170727b xxu||||| |||| 00| 0 eng d
020 ## - INTERNATIONAL STANDARD BOOK NUMBER
International Standard Book Number 9781292004877
040 ## - CATALOGING SOURCE
Transcribing agency 0
082 ## - DEWEY DECIMAL CLASSIFICATION NUMBER
Classification number 658.4038011 SHA 2014
100 ## - MAIN ENTRY--PERSONAL NAME
Personal name Ramesh Sharda , Dursun Delen
245 ## - TITLE STATEMENT
Title Business Intelligence
Remainder of title A Managerial Perspective on Analytics
Statement of responsibility, etc. Ramesh Sharda , Dursun Delen
250 ## - EDITION STATEMENT
Edition statement 3rd.Edi.
260 ## - PUBLICATION, DISTRIBUTION, ETC.
Place of publication, distribution, etc. Delhi
Name of publisher, distributor, etc. Person
Date of publication, distribution, etc. 2014
300 ## - PHYSICAL DESCRIPTION
Extent 410p.
Other physical details pb
440 ## - SERIES STATEMENT/ADDED ENTRY--TITLE
Title Business Intelligence
942 ## - ADDED ENTRY ELEMENTS (KOHA)
Source of classification or shelving scheme
Koha item type Book
Holdings
Withdrawn status Lost status Source of classification or shelving scheme Damaged status Not for loan Collection code Permanent Location Current Location Shelving location Date acquired Total Checkouts Full call number Barcode Date last seen Date last checked out Price effective from Koha item type
            Central Library (CL) Central Library (CL) General Stacks 07/27/2017 1 658.4038011 SHA 2014 NBS10311 08/05/2019 01/15/2019 07/27/2017 Book
© 2023 Central Library, National University of Sciences and Technology. All Rights Reserved.